Antifrikcionnyje chimičeski stojkije materialy v mašinostrojenii.

Uložené v:
Podrobná bibliografia
Hlavný autor: Ganz, Semen N.
Médium: Kniha
Jazyk:Slovak
Vydané: 1965.
Tagy: Pridať tag
Žiadne tagy, Buďte prvý kto otaguje tento záznam!

MARC

LEADER 00000nam a22000004a 4500
001 000525948
005 20161031135116.0
008 161031s1965 xo e 000 0 slo d
040 |a SVKKK  |b slo  |c SVKKK  |e AACR2 
100 1 |a Ganz, Semen N. 
245 1 0 |a Antifrikcionnyje chimičeski stojkije materialy v mašinostrojenii. 
260 |c 1965. 
500 |a Záznam revízie 
910 |a svkkk 
998 |a BK 
090 |g SCKHL  |k Sklad  |a X0.6277  |j 027835  |i 525948-10  |4 Zastaraná  |s Vyradená